000 00644nam a2200217Ia 4500
001 3051
003 GE_BSU
008 181216s||||||||xx |||||||||||||| ||und||
020 _a5856391713 ; 3406418376;
040 _cGE_BSU
080 _a330.1 (075.8)
100 _aБартенев, С. а.
245 _aЭкономические теории и школы. (История и современность):Курс лекций
260 _aмОСКВА
260 _bбек
260 _c1996
300 _a355 СТ. 21 СМ.
541 _h7 л.
653 _aЭкономические теории и школы
942 _cBK
999 _c37095
_d37095